Esta es mi storni /
Guardado en:
| Autor Principal: | |
|---|---|
| Otros Autores: | |
| Formato: | Libro |
| Publicado: |
Buenos Aires :
En Danza,
2014
|
| Materias: | |
| Etiquetas: |
Agregar Etiqueta
Sin Etiquetas, Sea el primero en etiquetar este registro!
|
| LEADER | 00965nam a22002415a 4500 | ||
|---|---|---|---|
| 001 | CEM.cems018443 | ||
| 005 | 20150826095322.0 | ||
| 008 | 130507s2014##################000#0#####d | ||
| 003 | CEMS | ||
| 020 | |a 9789871869176 | ||
| 082 | 0 | 4 | |a A861.6 |
| 100 | 1 | |a Storni, Alfonsina | |
| 245 | 1 | 0 | |a Esta es mi storni / |c Alfonsina Storni ; selección y Prólogo de Diana Bellessi |
| 260 | |a Buenos Aires : |b En Danza, |c 2014 | ||
| 300 | |a 108 p. | ||
| 505 | 0 | |a Un rayo clavándose en el campo, un naufragio / Diana Bellessi -- La inquietud del rosal (1916) -- El dulce daño (1918) -- Irremediablemente (1919) -- Languidez ( 1920) -- Ocre (1920) -- Mundo de siete pozos (1934) -- Mascarilla y trébol ( 1938) -- Otros poemas | |
| 653 | |a Literatura | ||
| 653 | |a Literatura argentina | ||
| 653 | |a Poesías | ||
| 653 | |a Poesía argentina | ||
| 653 | |a Colección juan gelman | ||
| 700 | 1 | |a Bellessi, Diana, pról. | |
| 859 | |a CEMS |b BIB. CEMS - Agricultura |h A861.6 |i St749 |p A2276.15 |t Ej.1 | ||
